000 nam a22 a 4500
999 _c921
_d921
003 AKMAL
005 20170508092322.0
008 170508s1997 my | e | 00| 0 may d
020 _a9839888846 (kkt.):
_cRM 10.00
040 _aAKMAL
082 0 4 _a297.22 AFI
_222
090 2 0 _a297.22
_bAFI
100 0 _aAfifi Zain
_91968
245 1 0 _aTitian hidup manusia /
_cAfifi Zain
260 _aBatu Caves :
_bPustaka Ilmi,
_c1997
300 _aii, 184ms. ;
_c22cm
500 _aMengandungi ayat-ayat dari Quran
650 1 0 _aIslam
_xDoctrines
_9894
942 _2ddc
_cBOOK